01582cam a22004334i 4500003000900000005001700009008004100026035001900067035001900086040003300105082001800138245024500156264009200401300003700493336002100530337002500551338002300576490006300599505011700662526001000779526001000789526000900799526000900808526000900817526000900826526000900835526000900844526000900853526000800862526000800870526000800878526000800886526000800894650004500902651002900947651005800976700003701034710007701071PE-LiUPU20250731165549.0150625s r 000 0 d a(Sirsi) a34381 a(Sirsi) a34381 aPE-LiUPUbspacPE-LiUPUerda04a985.04bD22300aAsuntos Militares :nVolumen 6.bI. Anexo del año 1822 sobre estado militar y cuestiones conexas; II. Listas de revistas de comisario años 1823 - 1824 - 1825 /cprólogo, compilación y ordenamiento por el Gral. EP Felipe de la Barra. 1aLima :bComisión Nacional del Sesquicentenario de la Independencia del Perú,c1971. a423 paginas ;c24 centímetros. atext2rdacontent aunmediated2rdamedia avolume2rdacarrier0 aColección Documental de la Independencia del Perú ;v6 aAnexo del año 1822 sobre estabilidad militar, cuestiones conexas -- Listas de comisario-años 1823-1824-1825. aSEG44 aSEG26 aP151 aP150 aP149 aP146 aP145 aP126 aP125 aP92 aP75 aP74 aP27 aP1514aEjércitozPerúySiglo XIXxHistoria. aPerúxHistoria militar aPerúxHistoriayEmancipación, 1808-1824vFuentes.1 aBarra, Felipe de la,d1887-1978.2 aComisión Nacional del Sesquicentenario de la Independencia del Perú.